La educación superior en Panamá

Enregistré dans:
Détails bibliographiques
Auteur principal: Smith Wiltshire, David A
Collectivité auteur: CSUCA
Format: Texte
Publié: San José: CSUCA
Tags: Ajouter un tag
Pas de tags, Soyez le premier à ajouter un tag!

MARC

LEADER 00000 a a2200000 04500
001 21181
003
040
090 |a 092100  
100 |a Smith Wiltshire, David A  
110 |a CSUCA  
245 |a La educación superior en Panamá  
260 |a San José:   |b CSUCA  
300 |a 104 p.; v. 4  
999 |c 1179  |d 1179